000 01188naa a22003377a 4500
001 BR7602439
003 BR-BrBNA
005 20240918173826.0
007 ta
008 230509b bl.||||| |||| 00| 0 por d
040 _aBR-BrBNA
_bpor
_cBiblioteca Nacional de Agricultura
041 _a(Pt)
072 _aF22
_b/G514
_bGZ74
090 _aF22 BR7602439
100 1 _aSilva, E.M. da
111 1 _a3. Seminario Nacional de Irrigacao e Drenagem
_cFortaleza, CE (Brazil)
_d16 Nov 1975
245 1 _aParametros de umidade em solos dos cerrados [Fisica do solo; Distrito Federal; Brasil]
260 3 _aFortaleza, CE (Brasil):
_c1976.
500 _aAnais do 3. Seminario Nacional de Irrigacao e Drenagem Fortaleza, CE (Brasil): 1976. p. 314-323 (BR7602439-AM)F22
650 _aFisica do solo
650 _aAbsorcao
650 _aHidraulica
650 _aLixiviacao
650 _aTextura do solo
650 _aUmidade do solo
650 _aCerrado
650 _aDistrito Federal
773 0 _tAnais do 3. Seminario Nacional de Irrigacao e Drenagem
_b
_wF22 BR7602439
_gFortaleza, CE (Brasil), 1976. p. 314-323
909 _a202404
_bLucia
_c55
_dLucia Elande
942 _cAM
_2AGRIS
999 _c307140
_d307140